Click to Translate - Spanish - Statistics

General Stats
  • This quiz has been taken 95,713 times
    94,414 since last reset
  • The average score is 16 of 20
Answer Stats
Hint Answer % Correct
Man Hombre
92%
Blue Azul
91%
Book Libro
90%
School Escuela
89%
Time Tiempo
89%
Eye Ojo
87%
Life Vida
87%
Sunday Domingo
86%
Morning Mañana
82%
Paint Pintar
82%
World Mundo
80%
War Guerra
78%
Door Puerta
74%
Bed Cama
71%
Onion Cebolla
69%
Toy Juguete
69%
Rain Lluvia
69%
Cow Vaca
68%
Pencil Lápiz
66%
Wood Madera
53%
No matching quizzes found
Score Distribution
Percent of People with Each Score
Percentile by Number Answered
Your Score History
You have not taken this quiz since the last reset